[Event "Staufer op 34th"]
[Site "Schwaebisch Gmuend"]
[Date "2024.01.04"]
[Round "6"]
[White "Reimann, Sebastian"]
[Black "Duong, Quang Bach"]
[Result "0-1"]
[WhiteElo "2369"]
[BlackElo "1945"]
[PlyCount "62"]
[EventDate "2024.01.02"]
[EventType "swiss"]
[EventRounds "9"]
[EventCountry "GER"]
[SourceTitle "CB02_2024"]
[SourceDate "2024.01.10"]
[SourceVersion "1"]
[SourceVersionDate "2024.01.10"]
[SourceQuality "1"]

1. e4 e5 2. Nf3 Nc6 3. Bc4 Nf6 4. Ng5 d5 5. exd5 Na5 6. Bb5+ c6 7. dxc6 bxc6 8. Be2 h6 9. Nh3 Bd6 10. 0-0 0-0 11. Nc3 Bc7 12. Kh1 Bxh3 13. gxh3 Rb8 14. d3 Nd5 15. Rg1 Kh8 16. Bf1 f5 17. Qf3 Rb4 18. Qg2 g5 19. Nxd5 cxd5 20. a3 Rh4 21. b4 Nc6 22. c4 e4 23. cxd5 Ne5 24. Bb2 Kh7 25. dxe4 fxe4 26. Be2 Nf3 27. d6 Qxd6 28. Rgd1 Qe6 29. Rac1 Bxh2 30. Bxf3 Rxf3 31. Qxh2 Rfxh3 0-1

[Event "Bayern-chI Bank Hofmann 26th"]
[Site "Tegernsee"]
[Date "2023.11.05"]
[Round "9"]
[White "Reimann, Sebastian"]
[Black "Meins, Gerlef"]
[Result "1-0"]
[WhiteElo "2342"]
[BlackElo "2412"]
[PlyCount "103"]
[EventDate "2023.10.28"]
[EventType "swiss"]
[EventRounds "9"]
[EventCountry "GER"]
[SourceTitle "Mega2024 Update 01"]
[Source "Chessbase"]
[SourceDate "2023.11.12"]
[SourceVersion "1"]
[SourceVersionDate "2023.11.12"]
[SourceQuality "1"]

1. e4 c5 2. Nf3 Nc6 3. d4 cxd4 4. Nxd4 Nf6 5. Nc3 d6 6. Bc4 e6 7. Be3 Be7 8. Qe2 a6 9. 0-0-0 Qc7 10. Nxc6 Qxc6 11. Bd3 0-0 12. f4 Nd7 13. Bd4 Nc5 14. f5 Re8 15. f6 Bxf6 16. Bxf6 gxf6 17. Qg4+ Kf8 18. Qh4 Nd7 19. Qxh7 Qc5 20. Be2 Ke7 21. Rd2 Nf8 22. Qh5 Qxh5 23. Bxh5 b5 24. Rhd1 Rd8 25. Rd4 Bb7 26. a4 Bc6 27. axb5 axb5 28. Be2 Rab8 29. Rb4 Ng6 30. Nxb5 Ne5 31. Rdd4 Rh8 32. h3 f5 33. exf5 Bxg2 34. fxe6 fxe6 35. Ra4 Nc6 36. Rg4 Bxh3 37. Rg7+ Kf6 38. Rc7 Bg2 39. Rg4 Rh2 40. Nxd6 Ne5 41. Rf4+ Kg6 42. Rc3 Rd8 43. Rg3+ Kh7 44. Rd4 Bd5 45. Nb5 Rf8 46. Nc3 Rff2 47. Re3 Nc4 48. Bd3+ Kh6 49. Re1 Nd2 50. Nxd5 Nf3 51. Rxe6+ Kg7 52. Re7+ 1-0

[Event "Bavaria-ch 94th"]
[Site "Rosenheim"]
[Date "2023.08.26"]
[Round "9"]
[White "Schulz, Lukas"]
[Black "Reimann, Sebastian"]
[Result "0-1"]
[WhiteElo "2347"]
[BlackElo "2277"]
[PlyCount "62"]
[EventDate "2023.08.20"]
[EventType "tourn"]
[EventRounds "9"]
[EventCountry "GER"]
[SourceTitle "CBM 215 Extra"]
[Source "ChessBase"]
[SourceDate "2023.09.30"]
[SourceVersion "1"]
[SourceVersionDate "2023.09.30"]
[SourceQuality "1"]

1. e4 e5 2. f4 exf4 3. Nf3 g5 4. d4 g4 5. Bxf4 gxf3 6. Qxf3 Nc6 7. Bc4 d5 8. Bxd5 Nxd4 9. Bxf7+ Kxf7 10. Qh5+ Ke6 11. Qe5+ Kf7 12. Qh5+ Ke6 13. 0-0 Nf6 14. Qe5+ Kf7 15. Bg5 Bg7 16. Nc3 Qd6 17. Bxf6 Qxe5 18. Bxe5+ Kg6 19. Bxc7 Be6 20. Rf2 Rhf8 21. Rd2 Rac8 22. Bd6 Rfd8 23. Bf4 Nc6 24. Nd5 Bd4+ 25. Kh1 Bxd5 26. exd5 Rxd5 27. Rad1 Rdd8 28. h3 Bxb2 29. Rb1 Rxd2 30. Bxd2 Be5 31. Rxb7 Rd8 0-1

[Event "Bayern-chI Bank Hofmann 25th"]
[Site "Tegernsee"]
[Date "2022.11.09"]
[Round "5"]
[White "Feuerstack, Aljoscha"]
[Black "Reimann, Sebastian"]
[Result "1-0"]
[WhiteElo "2467"]
[BlackElo "2256"]
[PlyCount "77"]
[EventDate "2022.11.05"]
[EventType "swiss"]
[EventRounds "9"]
[EventCountry "GER"]
[SourceTitle "CBM 211 Extra"]
[Source "ChessBase"]
[SourceDate "2023.01.31"]
[SourceVersion "1"]
[SourceVersionDate "2023.01.31"]
[SourceQuality "1"]

1. d4 d5 2. c4 e6 3. Nf3 Nf6 4. g3 Bb4+ 5. Nbd2 0-0 6. Bg2 dxc4 7. Qc2 b5 8. a4 bxa4 9. Ne5 Nd5 10. Qxc4 Bb7 11. Bf3 Qd6 12. 0-0 Nc6 13. Nxc6 Qxc6 14. Qa2 Rfd8 15. Ne4 Qb6 16. Rd1 Bc6 17. Bg5 Be7 18. Rac1 Bxg5 19. Nxg5 Rab8 20. Qb1 g6 21. Qc2 Be8 22. e4 Nb4 23. Qd2 c5 24. Qf4 h6 25. Nh3 cxd4 26. Qxh6 e5 27. Ng5 Qf6 28. Qh7+ Kf8 29. Qh4 Ke7 30. Rc7+ Rd7 31. Rdc1 Rbd8 32. Bg4 Rxc7 33. Rxc7+ Bd7 34. f4 Nd3 35. Be2 Nxf4 36. gxf4 d3 37. fxe5 Qxe5 38. Nxf7+ g5 39. Nxe5 1-0

[Event "Mittelfranken Landesliga Sued 2223"]
[Site "Mittelfranken"]
[Date "2022.10.23"]
[Round "2.1"]
[White "Pancevski, Filip"]
[Black "Reimann, Sebastian"]
[Result "1-0"]
[WhiteElo "2443"]
[BlackElo "2278"]
[PlyCount "105"]
[EventDate "2022.10.09"]
[EventType "team-tourn"]
[EventRounds "9"]
[EventCountry "GER"]
[SourceTitle "EXT 2024"]
[Source "ChessBase"]
[SourceDate "2023.10.10"]
[SourceVersion "1"]
[SourceVersionDate "2023.10.10"]
[SourceQuality "1"]
[WhiteTeam "Augsburg SF"]
[BlackTeam "Kriegshaber"]
[WhiteTeamCountry "GER"]
[BlackTeamCountry "GER"]

1. c4 e5 2. g3 c6 3. Nf3 e4 4. Nd4 d5 5. d3 Bc5 6. Nb3 Bb4+ 7. Bd2 Bxd2+ 8. Qxd2 dxc4 9. dxc4 Na6 10. Qxd8+ Kxd8 11. Nc3 Nf6 12. Bg2 Bf5 13. h3 h5 14. Nd4 Bg6 15. Nc2 Nc5 16. 0-0-0+ Kc7 17. b4 Ncd7 18. Kb2 a5 19. a3 Nb6 20. Rd4 axb4 21. axb4 Na4+ 22. Nxa4 Rxa4 23. Ra1 Rxa1 24. Nxa1 Re8 25. Nc2 Nd7 26. Kc3 f5 27. f3 exf3 28. exf3 f4 29. gxf4 Re2 30. Rd2 Rxd2 31. Kxd2 Bxc2 32. Kxc2 c5 33. Kc3 Kd6 34. h4 b6 35. Bh3 Nf8 36. Bf5 Ke7 37. bxc5 bxc5 38. Kd3 Ne6 39. Ke4 Nd4 40. Bg6 Kf6 41. Bxh5 Ne2 42. Be8 Nc3+ 43. Kd3 Na2 44. Bd7 Ke7 45. Bc8 Kf6 46. Bg4 g6 47. Bh3 Nc1+ 48. Ke3 Na2 49. f5 gxf5 50. Kf4 Nc3 51. Bxf5 Ne2+ 52. Kg4 Nd4 53. Be4 1-0

[Event "Bamberg op 4th"]
[Site "Bamberg"]
[Date "2022.07.30"]
[Round "6"]
[White "Reimann, Sebastian"]
[Black "Durak, Can"]
[Result "1-0"]
[WhiteElo "2252"]
[BlackElo "2221"]
[PlyCount "87"]
[EventDate "2022.07.27"]
[EventType "swiss"]
[EventRounds "9"]
[EventCountry "GER"]
[SourceTitle "EXT 2023"]
[Source "ChessBase"]
[SourceDate "2022.10.05"]
[SourceVersion "1"]
[SourceVersionDate "2022.10.05"]
[SourceQuality "1"]

1. e4 c5 2. Nf3 Nc6 3. Bb5 g6 4. 0-0 Bg7 5. Bxc6 dxc6 6. h3 Nf6 7. Re1 Nd7 8. a4 a5 9. d3 e5 10. Be3 b6 11. Qd2 0-0 12. Na3 Re8 13. c3 Ba6 14. Red1 Qc7 15. b4 cxb4 16. cxb4 axb4 17. Qxb4 Bf8 18. Qc3 Bb7 19. Qb3 Nc5 20. Bxc5 Bxc5 21. Nc4 Ba6 22. Rac1 Rad8 23. Qb2 Bxc4 24. Rxc4 Qe7 25. Qc2 Ra8 26. Nd2 Qb7 27. Rb1 Qa6 28. Nb3 Ba3 29. a5 bxa5 30. Ra1 Bf8 31. Rxa5 Qb7 32. Rxc6 Rac8 33. Rc4 Rxc4 34. dxc4 Rc8 35. Rxe5 Rb8 36. Rb5 Qc7 37. Rxb8 Qxb8 38. c5 Qb5 39. g3 Be7 40. Kg2 Qa4 41. Qd3 Kf8 42. Qd5 f5 43. c6 Qa6 44. Nc5 1-0

[Event "Mittelfranken Landesliga Sued 2122"]
[Site "Mittelfranken"]
[Date "2021.11.14"]
[Round "2.1"]
[White "Reimann, Sebastian"]
[Black "Tadic, Branko"]
[Result "1-0"]
[WhiteElo "2318"]
[BlackElo "2436"]
[PlyCount "105"]
[EventDate "2021.10.24"]
[EventType "team-tourn"]
[EventRounds "9"]
[EventCountry "GER"]
[SourceTitle "EXT 2024"]
[Source "ChessBase"]
[SourceDate "2023.10.10"]
[SourceVersion "1"]
[SourceVersionDate "2023.10.10"]
[SourceQuality "1"]
[WhiteTeam "Kriegshaber"]
[BlackTeam "Muenchen SC II"]
[WhiteTeamCountry "GER"]
[BlackTeamCountry "GER"]

1. e4 d6 2. d4 Nf6 3. Nc3 Nbd7 4. Nf3 e5 5. a4 Be7 6. Bc4 0-0 7. 0-0 c6 8. Re1 exd4 9. Nxd4 Ne5 10. Bb3 Re8 11. h3 Bd7 12. f4 Ng6 13. Qf3 Bf8 14. Rf1 Nh4 15. Qd3 Qe7 16. g3 Bxh3 17. gxh4 Bxf1 18. Kxf1 Nxe4 19. Nxe4 Qxe4 20. Qxe4 Rxe4 21. c3 d5 22. Bc2 Ree8 23. h5 h6 24. Kf2 c5 25. Nf3 d4 26. Bd2 Rad8 27. cxd4 cxd4 28. Bd3 Rd5 29. Ne5 Rc5 30. b4 Rc7 31. Rg1 Be7 32. Kf3 Rec8 33. Bf5 Rd8 34. Bd3 Rd6 35. Ke4 Kf8 36. Rc1 Rxc1 37. Bxc1 Rd8 38. b5 Bb4 39. Bb2 Bc5 40. Bc4 g6 41. Nxf7 Re8+ 42. Ne5 gxh5 43. Kd5 Bb6 44. Nd7+ Ke7 45. Nxb6 axb6 46. Bxd4 h4 47. f5 h3 48. f6+ Kf7 49. Kd6+ Kf8 50. Be5 Rc8 51. Be6 Rc5 52. Bxh3 h5 53. Ke6 1-0

[Event "Bayern-ch 92th"]
[Site "Lichtenfels"]
[Date "2021.08.25"]
[Round "6"]
[White "Reimann, Sebastian"]
[Black "Wisnet, Dominic"]
[Result "1/2-1/2"]
[WhiteElo "2213"]
[BlackElo "2304"]
[PlyCount "20"]
[EventDate "2021.08.22"]
[EventType "swiss"]
[EventRounds "9"]
[EventCountry "GER"]
[SourceTitle "EXT 2023"]
[Source "ChessBase"]
[SourceDate "2022.10.05"]
[SourceVersion "1"]
[SourceVersionDate "2022.10.05"]
[SourceQuality "1"]

1. e4 c5 2. Nf3 d6 3. d4 cxd4 4. Nxd4 Nf6 5. Nc3 a6 6. Bg5 e6 7. f4 Nbd7 8. Qe2 h6 9. Bh4 Be7 10. 0-0-0 Qc7 1/2-1/2

[Event "Landesliga Sued 1819"]
[Site "Bayern"]
[Date "2019.04.07"]
[Round "9.3"]
[White "Reimann, Sebastian"]
[Black "Huch, Reiner"]
[Result "1/2-1/2"]
[WhiteElo "2170"]
[BlackElo "2268"]
[PlyCount "65"]
[EventDate "2018.10.21"]
[EventType "team-tourn"]
[EventRounds "9"]
[EventCountry "GER"]
[SourceTitle "EXT 2022"]
[Source "ChessBase"]
[SourceDate "2021.10.06"]
[SourceVersion "1"]
[SourceVersionDate "2021.10.06"]
[SourceQuality "1"]
[WhiteTeam "Kriegshaber SK"]
[BlackTeam "Trostberg TSV"]
[WhiteTeamCountry "GER"]
[BlackTeamCountry "GER"]

1. e4 e6 2. d4 d5 3. Nc3 Nf6 4. Bg5 Bb4 5. Nge2 dxe4 6. a3 Be7 7. Bxf6 gxf6 8. Nxe4 b6 9. Qd3 Bb7 10. 0-0-0 Nd7 11. N4c3 c6 12. g4 Qc7 13. Bg2 0-0-0 14. f4 h5 15. h3 b5 16. f5 e5 17. d5 Nb6 18. dxc6 Bxc6 19. Qg3 h4 20. Qf2 a5 21. Rxd8+ Rxd8 22. Rd1 b4 23. axb4 axb4 24. Rxd8+ Kxd8 25. Nd1 Ba4 26. Be4 Bb5 27. b3 Bc5 28. Qf3 Qd6 29. Nb2 Nd7 30. Bd3 Bc6 31. Be4 Bb5 32. Bd3 Bc6 33. Be4 1/2-1/2

[Event "Landesliga Sued 1819"]
[Site "Bayern"]
[Date "2019.03.24"]
[Round "8.3"]
[White "Schmidt, Gerhard3333"]
[Black "Reimann, Sebastian"]
[Result "1/2-1/2"]
[WhiteElo "2118"]
[BlackElo "2170"]
[PlyCount "106"]
[EventDate "2018.10.21"]
[EventType "team-tourn"]
[EventRounds "9"]
[EventCountry "GER"]
[SourceTitle "EXT 2022"]
[Source "ChessBase"]
[SourceDate "2021.10.06"]
[SourceVersion "1"]
[SourceVersionDate "2021.10.06"]
[SourceQuality "1"]
[WhiteTeam "Unterhaching"]
[BlackTeam "Kriegshaber SK"]
[WhiteTeamCountry "GER"]
[BlackTeamCountry "GER"]

1. d4 Nf6 2. Nf3 e6 3. c4 d5 4. Nc3 Be7 5. Bg5 0-0 6. e3 b6 7. Bd3 Bb7 8. 0-0 Nbd7 9. Qe2 c5 10. Rfd1 cxd4 11. exd4 Rc8 12. Ne5 dxc4 13. Bxc4 h6 14. Bh4 Nxe5 15. dxe5 Nd7 16. Bb5 Rc7 17. Bxe7 Qxe7 18. Bxd7 Rxd7 19. Rxd7 Qxd7 20. Rd1 Qc6 21. f3 Qc5+ 22. Kh1 Rc8 23. h3 a6 24. a3 b5 25. Rd2 Bc6 26. Nd1 Bd5 27. Nc3 Bc4 28. Qe4 a5 29. Qd4 Qxd4 30. Rxd4 Kf8 31. Rd7 Rc5 32. f4 Bd5 33. Nxd5 exd5 34. Kh2 Rc2 35. Rxd5 Rxb2 36. a4 bxa4 37. Rxa5 Rb4 38. Kg3 g5 39. f5 Rf4 40. Ra8+ Kg7 41. Ra7 Rxf5 42. e6 Rf4 43. exf7 h5 44. Kh2 Rb4 45. Kg1 Rb1+ 46. Kf2 Rb2+ 47. Kg1 Ra2 48. Ra5 g4 49. hxg4 hxg4 50. Rg5+ Kxf7 51. Rxg4 a3 52. Ra4 Ra1+ 53. Kh2 Kg6 1/2-1/2

[Event "Landesliga Sued 1819"]
[Site "Bayern"]
[Date "2018.10.21"]
[Round "1.3"]
[White "Schelle, Artur"]
[Black "Reimann, Sebastian"]
[Result "1-0"]
[WhiteElo "2144"]
[BlackElo "2170"]
[PlyCount "89"]
[EventDate "2018.10.21"]
[EventType "team-tourn"]
[EventRounds "9"]
[EventCountry "GER"]
[SourceTitle "EXT 2022"]
[Source "ChessBase"]
[SourceDate "2021.10.06"]
[SourceVersion "1"]
[SourceVersionDate "2021.10.06"]
[SourceQuality "1"]
[WhiteTeam "Muenchen Tarrasch"]
[BlackTeam "Kriegshaber SK"]
[WhiteTeamCountry "GER"]
[BlackTeamCountry "GER"]

1. g3 e5 2. Bg2 d5 3. d3 g6 4. Nf3 Bg7 5. 0-0 Ne7 6. c4 0-0 7. cxd5 Nxd5 8. Bg5 f6 9. Bd2 Be6 10. Nc3 Qe7 11. Rc1 c5 12. a3 Rd8 13. Qc2 Nxc3 14. Qxc3 Nd7 15. Be3 b6 16. b4 Bf8 17. b5 Bd5 18. Ng5 Qd6 19. Ne4 Qe6 20. a4 h6 21. Nd2 Bxg2 22. Kxg2 Kh7 23. Qc4 Qd6 24. Ne4 Qe7 25. Nc3 f5 26. Nd5 Qe6 27. Nc7 Qxc4 28. dxc4 Rac8 29. Nd5 Kg7 30. Rfd1 Kf7 31. a5 bxa5 32. Bd2 Nf6 33. Bxa5 Rd6 34. Nxf6 Kxf6 35. Bc3 Ke6 36. Rxd6+ Bxd6 37. Ra1 Bb8 38. Ra6+ Kf7 39. f3 Rd8 40. Rc6 Bd6 41. Kf2 Ke6 42. e4 fxe4 43. fxe4 g5 44. Bd2 g4 45. Be3 1-0

[Event "Innsbruck op-A 2nd"]
[Site "Innsbruck"]
[Date "2018.08.30"]
[Round "7"]
[White "Ganaus, Hannes"]
[Black "Reimann, Sebastian"]
[Result "1-0"]
[WhiteElo "2290"]
[BlackElo "2112"]
[PlyCount "105"]
[EventDate "2018.08.24"]
[EventType "swiss"]
[EventRounds "9"]
[EventCountry "AUT"]
[SourceTitle "CBM 186 Extra"]
[Source "ChessBase"]
[SourceDate "2018.08.24"]
[SourceVersion "1"]
[SourceVersionDate "2018.08.24"]
[SourceQuality "1"]

1. Nf3 Nf6 2. b3 g6 3. Bb2 Bg7 4. g3 0-0 5. Bg2 d6 6. d4 b5 7. 0-0 Bb7 8. Re1 Nbd7 9. Nbd2 c5 10. c3 cxd4 11. cxd4 Ne4 12. Ng5 Nxg5 13. Bxb7 Rb8 14. Bg2 e5 15. dxe5 Bxe5 16. Rb1 Qe7 17. Nf1 Nc5 18. Ne3 Bxb2 19. Rxb2 Qf6 20. Rc2 Nge4 21. Rf1 Nc3 22. Ng4 Qg7 23. Qxd6 Ne6 24. Re1 b4 25. Qe5 Rb5 26. Qxg7+ Kxg7 27. Ne3 Ra5 28. a4 Nd4 29. Rb2 Re5 30. Bf1 Rfe8 31. Kg2 Rxe3 32. fxe3 Rxe3 33. Kf2 Nf5 34. Bg2 h5 35. Rd2 a5 36. Bf3 Re5 37. e4 Ne7 38. Rd6 Ng8 39. Ke3 f6 40. Kd4 Ne7 41. Kc4 g5 42. Bg2 Kg6 43. Rf1 Ng8 44. Kd4 Ne2+ 45. Kd3 Nc3 46. Ra6 Re7 47. Rxa5 Rd7+ 48. Kc4 Ne7 49. Ra6 Rc7+ 50. Kxb4 Na2+ 51. Ka3 Rc2 52. Raxf6+ Kh7 53. R1f2 1-0

[Event "Innsbruck op-A 2nd"]
[Site "Innsbruck"]
[Date "2018.08.27"]
[Round "4"]
[White "Narendran, Gouthaman"]
[Black "Reimann, Sebastian"]
[Result "0-1"]
[WhiteElo "2010"]
[BlackElo "2112"]
[PlyCount "124"]
[EventDate "2018.08.24"]
[EventType "swiss"]
[EventRounds "9"]
[EventCountry "AUT"]
[SourceTitle "CBM 186 Extra"]
[Source "ChessBase"]
[SourceDate "2018.08.24"]
[SourceVersion "1"]
[SourceVersionDate "2018.08.24"]
[SourceQuality "1"]

1. e4 e5 2. Nf3 Nc6 3. Bb5 g6 4. d4 exd4 5. Bg5 Be7 6. Bxe7 Qxe7 7. Bxc6 dxc6 8. Qxd4 Nf6 9. Nc3 Bg4 10. 0-0-0 Bxf3 11. gxf3 0-0 12. e5 Nh5 13. Ne4 Rfd8 14. Qc3 Rd5 15. Rhe1 Rad8 16. Rxd5 cxd5 17. Nf6+ Nxf6 18. exf6 Qd6 19. Qe5 h5 20. Qg5 d4 21. a3 d3 22. cxd3 Qc6+ 23. Kb1 Qxf3 24. Qe5 Qxd3+ 25. Ka1 Qd6 26. Qg5 Qd2 27. Re8+ Kh7 28. Qxd2 Rxd2 29. Re7 Rxf2 30. Rxf7+ Kh6 31. Rxc7 Rxf6 32. Rxb7 a5 33. Rb5 Rf5 34. Rb3 h4 35. Re3 Kg5 36. b4 axb4 37. axb4 Rf1+ 38. Kb2 Rf2+ 39. Ka3 Rxh2 40. b5 Rd2 41. b6 Rd8 42. Kb4 Kf4 43. Rc3 g5 44. Rc4+ Kg3 45. Rc3+ Kg4 46. Rc4+ Kh5 47. Rc3 g4 48. Rc5+ Kg6 49. Ka5 h3 50. b7 Rb8 51. Kb6 h2 52. Rc6+ Kg5 53. Rc5+ Kh4 54. Rc1 g3 55. Ka7 Rxb7+ 56. Kxb7 g2 57. Rc4+ Kg5 58. Rc5+ Kf4 59. Rc4+ Ke5 60. Rc5+ Kd4 61. Rc1 h1Q 62. Rxh1 gxh1Q+ 0-1

[Event "Landesliga Sued 1718"]
[Site "Bayern"]
[Date "2017.11.12"]
[Round "2.4"]
[White "Reimann, Sebastian"]
[Black "Mueller, Marcus"]
[Result "1-0"]
[WhiteElo "2107"]
[BlackElo "2112"]
[PlyCount "149"]
[EventDate "2017.10.22"]
[EventType "team-tourn"]
[EventRounds "9"]
[EventCountry "GER"]
[SourceTitle "EXT 2022"]
[Source "ChessBase"]
[SourceDate "2021.10.06"]
[SourceVersion "1"]
[SourceVersionDate "2021.10.06"]
[SourceQuality "1"]
[WhiteTeam "Kriegshaber SK"]
[BlackTeam "Garching II"]
[WhiteTeamCountry "GER"]
[BlackTeamCountry "GER"]

1. e4 c5 2. Nf3 Nc6 3. d4 cxd4 4. Nxd4 Nf6 5. Nc3 d6 6. Bg5 e6 7. Qd2 Be7 8. 0-0-0 Nxd4 9. Qxd4 0-0 10. Kb1 Qa5 11. Qd2 Kh8 12. h4 Rd8 13. h5 h6 14. Bh4 d5 15. Bd3 dxe4 16. Nxe4 Qxd2 17. Nxd2 Bd7 18. Nc4 Be8 19. f3 Nd5 20. Bxe7 Nxe7 21. Be4 Nd5 22. Bxd5 exd5 23. Ne3 Bc6 24. Rhe1 Kg8 25. Nf5 Re8 26. c3 Kf8 27. Kc2 f6 28. Kd2 Re5 29. g4 Rae8 30. Nd4 Bd7 31. Re2 Rxe2+ 32. Nxe2 f5 33. gxf5 Bxf5 34. Nf4 Re5 35. Re1 Rxe1 36. Kxe1 Bb1 37. a3 Ba2 38. Kf2 Kf7 39. Ke3 Kf6 40. Kd4 Kg5 41. Ke5 Bb3 42. Ne6+ Kxh5 43. Nxg7+ Kg6 44. Nf5 h5 45. f4 Bc2 46. Nh4+ Kf7 47. f5 Bb3 48. Nf3 Ba2 49. f6 Kg6 50. Nh4+ Kf7 51. Kf5 Bb1+ 52. Ke5 Ba2 53. Nf5 Kg6 54. Nd6 d4 55. cxd4 h4 56. Nf5 h3 57. Nh4+ Kf7 58. Nf3 Ke8 59. d5 Kd7 60. f7 Ke7 61. d6+ Kxf7 62. Ng5+ Ke8 63. Nxh3 Bb3 64. Nf2 Bc2 65. Ne4 b6 66. Nf6+ Kd8 67. b4 a5 68. Kd5 axb4 69. axb4 Ba4 70. Ng4 Bb5 71. Ne5 Ba4 72. Kc4 Kc8 73. Kd4 Kd8 74. Kd5 Bb5 75. Nc4 1-0

[Event "Landesliga Sued 1617"]
[Site "Bayern"]
[Date "2017.04.30"]
[Round "9.2"]
[White "Meier, Volker"]
[Black "Reimann, Sebastian"]
[Result "1-0"]
[WhiteElo "2261"]
[BlackElo "2112"]
[PlyCount "137"]
[EventDate "2016.10.16"]
[EventType "team-tourn"]
[EventRounds "9"]
[EventCountry "GER"]
[SourceTitle "EXT 2019"]
[Source "ChessBase"]
[SourceDate "2018.10.10"]
[SourceVersion "1"]
[SourceVersionDate "2018.10.10"]
[SourceQuality "1"]
[WhiteTeam "Muenchen Tarrasch"]
[BlackTeam "Kriegshaber"]
[WhiteTeamCountry "GER"]
[BlackTeamCountry "GER"]

1. c4 Nf6 2. Nc3 e6 3. e4 d5 4. e5 d4 5. exf6 dxc3 6. bxc3 Qxf6 7. d4 c5 8. Nf3 cxd4 9. Bg5 Qf5 10. cxd4 Bb4+ 11. Bd2 Bxd2+ 12. Qxd2 Qf6 13. Bd3 h6 14. 0-0 0-0 15. Rad1 Rd8 16. Rfe1 Bd7 17. Re4 Be8 18. Qe3 Nd7 19. d5 exd5 20. cxd5 Qb6 21. Rd4 Qd6 22. Nh4 Qe5 23. Qd2 Qg5 24. Qe2 Nc5 25. Bb1 Ba4 26. Rxa4 Nxa4 27. Qe4 g6 28. Nf3 Qh5 29. Qxa4 Rxd5 30. Re1 Rad8 31. h3 b5 32. Qxa7 Rd1 33. Bc2 Rxe1+ 34. Nxe1 Qe5 35. Qe3 Qxe3 36. fxe3 Rd2 37. Kf1 Kg7 38. Bb3 f5 39. Nf3 Rd6 40. Nd4 b4 41. Ke2 Kf6 42. Nc2 Rb6 43. Kd3 Ke5 44. Kc4 Ke4 45. Nxb4 Rb8 46. Nd5 g5 47. Bc2+ Ke5 48. Nb4 Rc8+ 49. Kd3 Rd8+ 50. Ke2 Re8 51. a4 f4 52. Kf3 Rc8 53. exf4+ gxf4 54. Nd3+ Kd4 55. Ne1 Re8 56. Kf2 Kc3 57. Bf5 Re7 58. Nd3 Ra7 59. Nxf4 Rxa4 60. Ke3 Kc4 61. Ke4 Ra7 62. Ke5 Ra5+ 63. Kf6 Kd4 64. g4 Ke3 65. Ne6 Kf2 66. h4 Kg3 67. h5 Kh4 68. Kg6 Ra7 69. Kxh6 1-0

[Event "Staufer op 29th"]
[Site "Schwaebisch Gmuend"]
[Date "2017.01.02"]
[Round "1"]
[White "Reimann, Sebastian"]
[Black "Bogdanov, Egor"]
[Result "1/2-1/2"]
[WhiteElo "2152"]
[BlackElo "2379"]
[PlyCount "119"]
[EventDate "2017.01.02"]
[EventType "swiss"]
[EventRounds "9"]
[EventCountry "GER"]
[SourceTitle "CBM 176 Extra"]
[Source "ChessBase"]
[SourceDate "2017.03.02"]
[SourceVersion "1"]
[SourceVersionDate "2017.03.02"]
[SourceQuality "1"]

1. e4 c5 2. Nf3 g6 3. d4 cxd4 4. Nxd4 Bg7 5. c4 Nc6 6. Be3 Nf6 7. Nc3 0-0 8. Be2 b6 9. 0-0 Bb7 10. f3 e6 11. Rc1 d5 12. cxd5 exd5 13. Nxc6 Bxc6 14. e5 Qe7 15. Bd4 Nd7 16. f4 Rfd8 17. Nb5 Bxb5 18. Bxb5 Nc5 19. Qd2 Ne4 20. Qd3 Rac8 21. Ba6 Rxc1 22. Rxc1 g5 23. Qa3 Qe6 24. Qh3 Qxh3 25. gxh3 gxf4 26. h4 Nc5 27. Bxc5 bxc5 28. Rxc5 Bxe5 29. Kg2 Bxb2 30. Rc8 Rxc8 31. Bxc8 Kg7 32. Kf3 Bc1 33. Bb7 d4 34. Ke4 Be3 35. Ba6 Kf6 36. Be2 h6 37. h3 Ke6 38. Bc4+ Ke7 39. Bd5 a5 40. Kd3 Kd6 41. Kc4 d3 42. Bxf7 d2 43. Bh5 Ke5 44. Bf3 Bf2 45. Kd3 Be1 46. h5 Kf5 47. h4 Ke5 48. a4 Kf5 49. Bd1 Ke5 50. Bf3 Kf5 51. Bd1 Ke6 52. Ke4 Bg3 53. Kd3 Be1 54. Ke4 Bg3 55. Kd3 Ke5 56. Kxd2 Ke4 57. Ke2 f3+ 58. Kf1 Kf4 59. Bb3 Kg4 60. Bf7 1/2-1/2